000
00265nam a2200133Ia 4500
005
20251222141758.0
008
251222s9999||||xx |||||||||||||| ||spa||
020
_a
1467
082
_a
1467/1467
100
_a
1467
245
0
_a
1467
250
_a
1467
942
_c
LIB
999
_c
6074
_d
6074